| 000 | 00863nam a2200289 i 4500 | ||
|---|---|---|---|
| 001 | 000048579 | ||
| 003 | DO-SdBNP | ||
| 005 | 20230413094052.0 | ||
| 007 | ta | ||
| 008 | 190401s2007 dr aa r 000 0 spa d | ||
| 020 | _a139780674026285 (alk-paper) | ||
| 020 | _a100674026284 (alk-paper) | ||
| 040 |
_aDO-SdBNP _bspa _cBNPHU _erda |
||
| 082 |
_axxxx _bF363r _222 |
||
| 100 |
_aFernández, Eladio _969578 |
||
| 245 | 1 | 0 |
_aHispaniola / _cEladio Fernández ; prólogo de Edward O. Wilson |
| 260 | _aSanto Domingo : | ||
| 264 |
_aLondon : _bEngland, _c2007. |
||
| 300 |
_a374 paginas. : _bilustrado. ; _c28 cm. |
||
| 336 |
_2rdaconten. _atexto _btxt |
||
| 337 |
_2rdamedia _asin mediación _bn |
||
| 338 |
_2rdacarrier _avolumen _bnc |
||
| 590 | _aInventariado, 2023 / DG | ||
| 700 | 1 |
_aWilson, Edward O. _eprólogo. _911384 |
|
| 910 | _aDG | ||
| 942 |
_2ddc _cLBS1 |
||
| 999 |
_c53221 _d53221 |
||